Southville International School and Colleges
Your cart is empty.
  • Cart
  • Lists
    Public lists Eva Luna New books Lux_list list_1
    Your lists Log in to create your own lists
  • Log in to your account
  • Your cookies
  • Search history
Southville International School and Colleges
  • Advanced search
  • Recent comments
  • Most popular
  • Libraries

Log in to your account

Log in with GOOGLE


If you do not have an external account, but do have a local account, you can still log in:

  1. Home
  2. MARC view: The accounting guide for entrepreneurs and employees:
Normal view MARC view ISBD view

The accounting guide for entrepreneurs and employees: (Record no. 367267)

[ view plain ]
MARC details
000 -LEADER
fixed length control field 00710nam a22001937a 4500
003 - CONTROL NUMBER IDENTIFIER
control field 0
005 - DATE AND TIME OF LATEST TRANSACTION
control field 20250310165342.0
008 - FIXED-LENGTH DATA ELEMENTS--GENERAL INFORMATION
fixed length control field 250301b xxu||||| |||| 00| 0 eng d
020 ## - INTERNATIONAL STANDARD BOOK NUMBER
International Standard Book Number 978-621-02-1330-0
050 ## - LIBRARY OF CONGRESS CALL NUMBER
Classification number HF 5635
Item number .P33 2021
100 ## - MAIN ENTRY--PERSONAL NAME
Personal name Padios, Kishine
245 ## - TITLE STATEMENT
Title The accounting guide for entrepreneurs and employees:
Remainder of title Bookkeeping and BIR tax filing SSS, Pag-ibig Business Registration, BIR tax penalties.
Statement of responsibility, etc Kishine Padios
260 ## - PUBLICATION, DISTRIBUTION, ETC. (IMPRINT)
Place of publication, distribution, etc Quezon City, Philippines
Name of publisher, distributor, etc Central Book Supply Inc.
Date of publication, distribution, etc 2021
300 ## - PHYSICAL DESCRIPTION
Extent v, 82 pages:
Other physical details colored illustration;
Dimensions 23cm.
650 ## - SUBJECT ADDED ENTRY--TOPICAL TERM
Topical term or geographic name as entry element Accounting--Employees.
650 ## - SUBJECT ADDED ENTRY--TOPICAL TERM
Topical term or geographic name as entry element Bookkeeping--Tax filling.
650 ## - SUBJECT ADDED ENTRY--TOPICAL TERM
Topical term or geographic name as entry element Accounting--Philippines.
942 ## - ADDED ENTRY ELEMENTS (KOHA)
Source of classification or shelving scheme Library of Congress Classification
Koha item type Books
Holdings
Withdrawn status Lost status Source of classification or shelving scheme Damaged status Home library Current library Shelving location Date acquired Source of acquisition Total Checkouts Full call number Barcode Date last seen Price effective from Koha item type
    Library of Congress Classification   College Library College Library Filipiniana Section 03/01/2025 Library Fund   HF 5635 .P33 2021 C24271 03/01/2025 03/01/2025 Books

The accounting guide for entrepreneurs and employees:

APA

Padios K., . (2021). The accounting guide for entrepreneurs and employees. Quezon City, Philippines: Central Book Supply Inc.

Chicago

Padios Kishine, . 2021. The accounting guide for entrepreneurs and employees. Quezon City, Philippines: Central Book Supply Inc.

Harvard

Padios K., . (2021). The accounting guide for entrepreneurs and employees. Quezon City, Philippines: Central Book Supply Inc.

MLA

Padios Kishine, . The accounting guide for entrepreneurs and employees. Quezon City, Philippines: Central Book Supply Inc. 2021.

  • Place hold
  • Print
  • Cite
  • Add to your cart (remove)
  • Save record
    BIBTEX Dublin Core MARCXML MARC (non-Unicode/MARC-8) MARC (Unicode/UTF-8) MARC (Unicode/UTF-8, Standard) MODS (XML) RIS
  • More searches
    Search for this title in:
    Other Libraries (WorldCat) Other Databases (Google Scholar) Online Stores (Bookfinder.com) Open Library (openlibrary.org)

Exporting to Dublin Core...

SOUTHVILLE LIBRARY

Southville International School and Colleges Library

1281 Tropical Ave. Cor. Luxembourg St., BF Homes International, Las Pinas City

Tel. No. 8256374 / 252358 Loc. 117/146

Powered by Koha